TV Shows Cut Off at 'L' Quiz Stats

 Plays Quiz Updated Apr 7, 2019

Score 0/24 Timer 06:00
0 Plays Today
Cut Off At 'L' TV Show % Correct
DAYS OF OUR LIVES
95.9%
ARRESTED DEVELOPMENT
95%
THE ED SULLIVAN SHOW
92%
QUANTUM LEAP
88.4%
THE BIGGESTLOSER
85.2%
CAGNEY &LACEY
83%
THE MARY TYLER MOORE SHOW
82.9%
MY SO-CALLED LIFE
82.5%
FRAGGLE ROCK
80%
ROCKO'S MODERNLIFE
79.7%
THE TWILIGHT ZONE
79.4%
WHAT'S MY LINE?
79.2%
Cut Off At 'L' TV Show % Correct
BETTER CALL SAUL
78.9%
THE SIX MILLION DOLLAR MAN
77.5%
THE OUTERLIMITS
75.9%
HOT IN CLEVELAND
74.2%
KNOTSLANDING
72.9%
BOARDWALK EMPIRE
71.4%
BARNEY MILLER
70.4%
HAVE GUN - WILL TRAVEL
69.3%
PEAKY BLINDERS
62.8%
ROWAN & MARTIN'S LAUGH-IN
60%
BEAR IN THE BIG BLUE HOUSE
47.2%
ANYTHING BUTLOVE
38%

You're not logged in!

Compare scores with friends on all Sporcle quizzes.
OR
Log In

Sporcle TV

Today on Sporcle TV


Watch our educational content, quiz creation guides, and fun videos on Sporcle TV.

Show Comments

Extras

Top Quizzes Today


Score Distribution

Your Account Isn't Verified!

In order to create a playlist on Sporcle, you need to verify the email address you used during registration. Go to your Sporcle Settings to finish the process.

Report this User

Report this user for behavior that violates our Community Guidelines.

Details: